000 00808nam a2200217 i 4500
001 bg
245 0 0 _aKomputerowe wspomaganie projektowania konstrukcji i technologii.
260 _aSzczecin :
_bWydaw. Uczelniane PS,
_c1992.
300 _a161 s. :
_brys. ;
_c24 cm.
490 1 _aPrace Naukowe Politechniki Szczecińskiej. Instytut Technologii Mechanicznej ;
_vnr 10
500 _aNumeracja ser. gł. : nr 482.
504 _aBibliogr. przy art.
650 9 _aKomputerowe wspomaganie projektowania |CAD/CAM
650 9 _aMaszyny
_xtechnologia
_xkonstrukcje
830 0 _aPrace Naukowe Politechniki Szczecińskiej.
_pInstytut Technologii Mechanicznej ;
_vnr 10
040 _cBPK
041 0 _apl
_benru
080 _a621.01:681.322.06:681.323
942 _cKS
008 s pl f |000 0 pol
999 _c30041
_d30041
856 _uhttp://koha.tu.koszalin.pl/cgi-bin/koha/opac-detail.pl?biblionumber=30041
_yKatalog online BPK